Slováci v mierovej misii na Cypre

Podrobná bibliografia
Médium: Článok
Jazyk:slovenčina
Predmet:
On-line prístup:http://www.mod.gov.sk/data/disk/casopis/Obrana_06_2015.pdf
http://www.mod.gov.sk/readme1/?dataid=5449920/13496091

MARC

LEADER 00000nab a2200000 a 4500
001 vtls010687819
003 SK-MaSNL
005 20260304040854.0
008 150623c2015 xo m p 000 0 slo
015 |a SNBRB2015/06  |2 lmaosk 
040 |a LMAOSK  |b slo  |c LMAOSK  |e AACR2 
041 0 |a slo 
044 |a xo  |c SK 
080 |a 341.785  |x (564.3)  |2 2001 
080 |a (046)  |2 2001 
245 0 0 |a Slováci v mierovej misii na Cypre 
300 |b Fotogr., obr. 
610 2 7 |a UNFICYP  |2 lmaosk  |9 87235 
650 0 7 |a mierové misie  |2 lmaosk  |9 58516 
650 0 7 |a ozbrojené sily  |2 lmaosk  |9 1644 
651 7 |a Famagusta (Cyprus)  |2 lmaosk  |9 1322254 
651 7 |a Cyprus  |2 lmaosk  |9 145814 
655 7 |a články  |2 lmaosk  |9 70601 
773 0 |t Obrana  |g Roč. XXIII, č. 6 (2015), s. 8-9  |x 1336-1910 
852 |a LMAOSK  |b KIS3GCP 
856 4 1 |u http://www.mod.gov.sk/data/disk/casopis/Obrana_06_2015.pdf 
856 4 1 |u http://www.mod.gov.sk/readme1/?dataid=5449920/13496091 
958 |a CY 
999 |c 2665430  |d 2667360